| 000 | 00399nam a22001337a 4500 | ||
|---|---|---|---|
| 040 | _cNUST | ||
| 082 | _a200 THE | ||
| 100 |
_aMuhammad Siddiqui _9118437 |
||
| 110 |
_aSupervisor Dr. Hamid Jabbar _9101799 |
||
| 245 | _aTH-SOF-2209-Trajectory Prediction of Road Users for Autonomous Vehicles | ||
| 260 |
_aISLAMABAD: _bNUST COLLEGE OF EME, _c2023. |
||
| 650 |
_aMS-MTS-20 _9107121 |
||
| 942 |
_2ddc _cTHE |
||
| 999 |
_c603383 _d603383 |
||